000 01216nmc a2200409 a 4500
003 AR-BaBNM
005 20251128204115.0
008 305019s1993 ||||||||||||||000 | spa||
020 _a950-25-2676-7
040 _cAR-BaBNM
245 1 0 _aLa prosa modernista
_bantología
260 _aBuenos Aires
_bCentro Editor de América Latina
_c1993
300 1 _aviii, 90 p.
490 0 _aBiblioteca básica Argentina. Serie A
505 _tDefinición
505 _tArtistas y pedagogos
_rDíaz Romero, Eugenio
505 _tLa corbata azul
_rChiappori, Atilio
505 _tSin razón, pero cansado
_rQuiroga, Horacio
505 _tApolodoro
505 _tNarciso
505 _tHolocausto
_rGoycoechea Menéndez, Martín
505 _tLas tres gracias
505 _tMilantia
_rEstrada, Angel de
505 _tEl emigrado
505 _tLa hora del milagro
_rGüiraldes, Ricardo
505 _tZogoibi
_rLarreta, Enrique
650 4 _aPOETAS
650 4 _aLITERATURA ARGENTINA
650 4 _aREALISMO
651 4 _aArgentina
653 0 _aMODERNISMO
655 _aLITERATURA
700 _aAra, Guillermo
_ecompilador
700 1 _aMonges, Hebe
_ecompilador
942 _cBK
998 _cCarmen
999 _c6198
_d6198